I-dle (Formerly (G)I-dle) Songs Quiz - Statistics

General Stats
  • This quiz has been taken 401 times
    4 since last reset
  • The average score is 11 of 61
Answer Stats
Album Year Song % Correct
I Love 2022 Nxde
100%
I Burn 2021 Hwaa
75%
I Am 2018 Latata
75%
I Trust 2020 Oh My God
75%
I Feel 2023 Queencard
75%
I Made 2019 Senorita
75%
I Never Die 2022 Tomboy
75%
I Burn 2021 Hann (Alone in winter)
50%
I Trust 2020 Lion
50%
2 2024 Super Lady
50%
2 2024 7Days
25%
I Feel 2023 Allergy
25%
I Sway 2024 Bloom
25%
I Love 2022 Change
25%
I Love 2022 Dark (X-File)
25%
Dumdi Dumdi 2020 Dumdi Dumdi
25%
I Never Die 2022 Escape
25%
2 2024 Fate
25%
I Sway 2024 Klaxon
25%
I Sway 2024 Last Forever
25%
I Never Die 2022 Liar
25%
I Never Die 2022 My Bag
25%
2 2024 Revenge
25%
2 2024 Rollie
25%
I Never Die 2022 Villain Dies
25%
2 2024 Wife
25%
I Feel 2023 All Night
0%
I Never Die 2022 Already
0%
I Made 2019 Blow Your Mind
0%
We Are 2025 Chain
0%
I Burn 2021 Dahlia
0%
2 2024 Doll
0%
I Am 2018 $$$ (Dollar)
0%
I Am 2018 Don't Text Me
0%
We Are 2025 Girlfriend
0%
I Made 2019 Give Me Your
0%
We Are 2025 Good Thing
0%
I Am 2018 Hear Me
0%
We Are 2025 If You Want
0%
Dumdi Dumdi 2020 I'm the Trend
0%
I Burn 2021 Lost
0%
I Love 2022 Love
0%
We Are 2025 Love Tease
0%
I Feel 2023 Lucid
0%
I Trust 2020 Luv U
0%
I Trust 2020 Maybe
0%
I Am 2018 Maze
0%
I Burn 2021 Moon
0%
I Sway 2024 Neverland
0%
I Never Die 2022 Never Stop Me
0%
I Feel 2023 Paradise
0%
I Feel 2023 Peter Pan
0%
I Never Die 2022 Polaroid
0%
I Made 2019 Put It Straight
0%
I Love 2022 Reset
0%
I Love 2022 Sculpture
0%
We Are 2025 Unstoppable
0%
2 2024 Vision
0%
I Am 2018 What's in Your House?
0%
I Made 2019 What's Your Name
0%
I Burn 2021 Where Is Love
0%
No matching quizzes found
Score Distribution
Percent of People with Each Score
Percentile by Number Answered
Your Score History
You have not taken this quiz since the last reset